Skoki Narciarskie - Medaliści Mistrzostw Świata z Austrii - Statystyki

Ogólne statystyki
  • Ten quiz został rozwiązany 62 razy
    29 od ostatniego zresetowania
  • Średni wynik to 12 z 18
Statystyki odpowiedzi
Z S B Skoczek % Poprawnych
3x 6x 6x Stefan Kraft
100%
- 3x 3x Jan Hörl
95%
- 1x 1x Daniel Tschofenig
90%
6x 5x 1x Gregor Schlierenzauer
90%
8x 2x 1x Thomas Morgenstern
90%
3x 1x - Andreas Kofler
81%
7x - 1x Wolfgang Loitzl
81%
1x - 1x Manuel Fettner
76%
3x - - Martin Koch
76%
- 3x 3x Michael Hayböck
76%
- 2x - Daniel Huber
67%
2x - - Andreas Widhölzl
52%
1x - 1x Andreas Goldberger
43%
- 1x - Maximilian Ortner
43%
3x - 2x Martin Höllwarth
33%
- 3x - Philipp Aschenwald
33%
1x - 1x Stefan Horngacher
33%
- 1x - Manuel Poppinger
24%
Nie znaleziono quizów pasujących do podanych kryteriów
Rozkład punktacji
Procent ludzi z każdym wynikiem
Percentyl według liczby udzielonych odpowiedzi
Twoja historia wyników
Nie rozwiązałeś tego quizu od ostatniego zresetowania